Tribhuvan University Central Library
Normal view MARC view
  • Aryal, Krishna Raj

Entry Personal Name

Number of records used in: 1

001 - CONTROL NUMBER

  • control field: 25638

003 - CONTROL NUMBER IDENTIFIER

  • control field: OSt

005 - DATE AND TIME OF LATEST TRANSACTION

  • control field: 20110819164949.0

008 - FIXED-LENGTH DATA ELEMENTS

  • fixed length control field: 110819|||a|||||| | ||| d

040 ## - CATALOGING SOURCE

  • Original cataloging agency: OSt
  • Transcribing agency: OSt

100 ## - HEADING--PERSONAL NAME

  • Personal name: Aryal, Krishna Raj

670 ## - SOURCE DATA FOUND

  • Source citation: Work cat.: (OSt): Aryal, Krishna Raj, The Microfinance and its impact (A case study of small former co-oprative Limited Semlar Rupendehi, 2009

670 ## - SOURCE DATA FOUND

  • Source citation: Work cat.: (OSt): Aryal, Krishna Raj, The Microfinance and its impact (A case study of small former co-oprative Limited Semlar Rupendehi, 2009